000 00397nam a2200145Ia 4500
008 231217s9999 xx 000 0 und d
041 _aEnglish
082 _a023 BRI;1 R
100 _aBridges, Karl ed
245 0 _aExpectations of librarians in the 21st century
260 _c2003
_bGreenwood
_aWestport
300 _aix+235
650 _aExpectations,librarians,21st,century
942 _cAA
999 _c175399
_d175399